000 00471cam a22001934a 4500
005 20250605164312.0
008 250528s ||||||||||||||||||||||||d
035 _a22547
020 _a9780194534260
040 _aGR-AtMCL
_bgre
_dGR-AtMCL
_eAACR2
245 1 _aADVANCED WRITING WITH ENGLISH IN USE
250 _a1
260 _bOxford University Press,
_c1999
300 _a160
700 1 _aCory Hugh
_98332
942 _cBK
999 _c7595
_d7595